[Event "EU-ch Hybrid U10 Girls"]
[Site "Tornelo INT"]
[Date "2021.10.15"]
[Round "4"]
[White "Gorecka, Zuzanna"]
[Black "Ismayilova, Salbinaz"]
[Result "0-1"]
[WhiteElo "1147"]
[BlackElo "1042"]
[PlyCount "156"]
[EventDate "2021.10.15"]
[EventType "swiss"]
[EventRounds "9"]
[EventCountry "NET"]
[SourceTitle "EXT 2023"]
[Source "ChessBase"]
[SourceDate "2022.10.05"]
[SourceVersion "1"]
[SourceVersionDate "2022.10.05"]
[SourceQuality "1"]
[WhiteTeam "Poland"]
[BlackTeam "Azerbaijan"]
[WhiteTeamCountry "POL"]
[BlackTeamCountry "AZE"]

1. c4 e6 2. Nc3 d5 3. e3 c5 4. d4 Nf6 5. Nf3 Nc6 6. cxd5 exd5 7. Bb5 Be6 8. 0-0 Bd6 9. b3 0-0 10. Bb2 cxd4 11. exd4 Qc7 12. Bd3 Bg4 13. Nb5 Qb8 14. Nxd6 Qxd6 15. a4 Rfe8 16. Be2 Re6 17. Ne5 Bxe2 18. Qxe2 Nd7 19. Qh5 Ndxe5 20. dxe5 Nxe5 21. Bxe5 Rxe5 22. Qf3 Qb4 23. Rad1 Rae8 24. Rxd5 Re1 25. Rd1 Rxd1 26. Qxd1 h6 27. h3 a6 28. Qd7 Qe7 29. Qxe7 Rxe7 30. Rd1 Kf8 31. Rd8+ Re8 32. Rd7 Re7 33. Rd8+ Re8 34. Rd6 f6 35. Rb6 Re7 36. Kf1 Ke8 37. Rd6 Rd7 38. Re6+ Kd8 39. Ke2 Re7 40. Rxe7 Kxe7 41. Kd3 Kd6 42. Kd4 Kc6 43. Ke4 Kc5 44. Kf5 Kb4 45. Kg6 Kxb3 46. Kxg7 Kxa4 47. f4 b5 48. f5 b4 49. Kxf6 b3 50. Kg7 b2 51. f6 b1Q 52. f7 Qb2+ 53. Kg8 Qxg2+ 54. Kh7 Qb7 55. Kg8 Qxf7+ 56. Kxf7 Kb5 57. Kg6 a5 58. Kxh6 a4 59. h4 a3 60. h5 a2 61. Kg7 a1Q+ 62. Kg6 Qh8 63. h6 Kc6 64. h7 Kd7 65. Kh6 Ke7 66. Kg6 Kf8 67. Kh6 Kf7 68. Kh5 Qxh7+ 69. Kg5 Qg6+ 70. Kf4 Kf6 71. Ke3 Ke5 72. Kf3 Qg5 73. Ke2 Ke4 74. Kf2 Qg4 75. Ke1 Ke3 76. Kf1 Qe2+ 77. Kg1 Kf3 78. Kh1 Qg2# 0-1

[Event "EU-ch Hybrid U10 Girls"]
[Site "Tornelo INT"]
[Date "2021.10.15"]
[Round "9"]
[White "Miroshnik, Irina"]
[Black "Ismayilova, Salbinaz"]
[Result "1/2-1/2"]
[WhiteElo "1147"]
[BlackElo "1042"]
[PlyCount "111"]
[EventDate "2021.10.15"]
[EventType "swiss"]
[EventRounds "9"]
[EventCountry "NET"]
[SourceTitle "EXT 2023"]
[Source "ChessBase"]
[SourceDate "2022.10.05"]
[SourceVersion "1"]
[SourceVersionDate "2022.10.05"]
[SourceQuality "1"]
[WhiteTeam "Russia"]
[BlackTeam "Azerbaijan"]
[WhiteTeamCountry "RUS"]
[BlackTeamCountry "AZE"]

1. d4 d5 2. c4 e6 3. Nc3 c5 4. e3 Nc6 5. Nf3 Nf6 6. Bd3 Be7 7. 0-0 0-0 8. cxd5 exd5 9. dxc5 Bxc5 10. a3 Bg4 11. b4 Bb6 12. h3 Bh5 13. Be2 Qd6 14. Bb2 a6 15. Qd2 Bc7 16. g3 Ne4 17. Nxe4 dxe4 18. Nd4 Bxe2 19. Qxe2 Ne5 20. Rfd1 f6 21. Nb5 Nf3+ 22. Kg2 Qe7 23. Qc4+ Rf7 24. Nxc7 Qxc7 25. Qd5 Qc2 26. Bd4 Qc7 27. Qxe4 Ng5 28. Qd5 Rd8 29. Qc5 Qxc5 30. Bxc5 Rfd7 31. Rxd7 Rxd7 32. Bd4 Kf7 33. Rc1 Ke6 34. f3 Kd5 35. h4 Ne6 36. e4+ Kd6 37. Bc5+ Nxc5 38. Rxc5 Ke6 39. Rc3 Ke5 40. Kf2 Kd4 41. Re3 Kc4 42. Ke2 Kb5 43. Rc3 Re7 44. Ke3 b6 45. g4 a5 46. bxa5 Kxa5 47. Rb3 b5 48. Rb4 Rc7 49. Kd4 Rc2 50. Rb3 Rc4+ 51. Kd3 Rc1 52. Ke3 Ka4 53. Rb4+ Ka5 54. Rb3 Ka4 55. Rb4+ Ka5 56. Rb3 1/2-1/2